01484nam a2200421 a 450000100060000000300080000600500170001400600190003100700150005000800410006502000180010603500230012403500240014703500250017103500220019604000260021805000250024408000110026908200150028010000240029524501360031925000120045526000390046730000110050653301640051765000490068165000320073065000270076265000250078965000270081465000230084165300440086465300290090865500270093771000190096485600620098399900170104537338FlNmELB20241216221506.0m o d | cr cn|||||||||201106r2010 ck |||||s|||||||||||spa d z9789586486354 a(MiAaPQ)EBC3193787 a(Au-PeEL)EBL3193787 a(CaPaEBR)ebr10472672 a(OCoLC)1105893948 aFlNmELBbspacFlNmELB 4aQA76.9.D3bA489 2010 a004.0504a005.742221 aAmaya Amaya, Jairo.10aSistemas de información gerencialesh[recurso electronico] :bhardware, software, redes, internet, diseño /cJairo Amaya Amaya. a2a. ed. aBogotá :bEcoe Ediciones,c2010. a300 p. aRecurso electrónico. Santa Fe, Arg.: e-libro, 2015. Disponible vía World Wide Web. El acceso puede estar limitado para las bibliotecas afiliadas a e-libro. 0aSistemas de informaciónxAdministración. 0aLenguaje de programación. 0aRedes de computadores. 0aDatabase management. 0aProgramming Languages. 0aComputer networks. aSistemas de informacionaAdministracion aLenguaje de programacion 4aLibros electrónicos.2 ae-libro, Corp.40uhttps://elibro.net/ereader/politecnicointernacional/69112 c37338d37338